1675 1575 1511 1696 1140 1500 1688 1086 1778 1373 1351 1182 1875 1593 1040 1764 1449 1403 1211 1285 1235 1622 1300 1919 1617 1289 1805 1414 1555 1691 1773 1311 1793 1181 1814 1356 1252 1974 1687 1631 1183 1271 1392 1668 1692 1544 1815 1686 1570 1611 1333 1432 1946 1138 1297 1935 1691 1469 1891 1031 1497 1047 1430 1919 1599 1382 1497 1518 1220 1074 1427 1999 1215 1201 1605 1689 1807 1413 1468 1235 1862 1000 1433 1801 1175 1170 1884 1720 1637 1204 1153 1344 1629 1196 1089 1165 1049 1310 1684 BCNSPRNW ULIB Ver.6.0+V

เปลี่ยนเป็นภาษาไทย

Change to English
 แสดงรายละเอียดบรรณานุกรม
  กลับหน้าหลัก

Brief Record : Get Marc (ISO 2709) : E-mail record : QR code < ปิดหน้าต่าง
LEADER : 00000nam 2200000uu 4500
001    13399111305
003     ULIB
008    110622s||||||||th 000 0 tha d
020    9745719498 (ล.2)
020    9789745719491
050  4 BF713^bศ243จ ล.2 2549
100 0  ศรีเรือน แก้วกังวาล
245 10 จิตวิทยาพัฒนาการชีวิตทุกช่วงวัย เล่ม2/^cศรีเรือน แก้วกังวาล
250    พิมพ์ครั้งที่ 9
260    กรุงเทพฯ :^bภาควิชาจิตวิทยา คณะศิลปศาสตร์มหาวิทยาลัยธรรมศาสตร์,^c2549
300    2 เล่ม :^bภาพประกอบ ;^c27 ซม.
650  7 จิตวิทยาพัฒนาการ
710 2  มหาวิทยาลัยธรรมศาสตร์. ^bคณะศิลปศาสตร์. ^bภาควิชาจิตวิทยา
945    ^p290^l0^i020116
945    ^p290^l0^i020115
945    ^p290^l0^i020114
945    ^p290^l0^i020117
995    ทศพร
999 ^a ใช้งานได้ทุกระบบ
รายการนี้ยังไม่มีแท็ก
คุณยังไม่ได้ล็อกอิน คุณสามารถมีกิจกรรมร่วมกับเว็บไซต์ได้ แต่ต้องล็อกอินก่อน ::
  ล็อกอิน

รายการสื่อสารสนเทศ

ลำดับที่ ประเภท เลขเรียก/บาร์โค้ด สถานที่ สถานะ
1. วิทยาศาสตร์การแพทย์ และสุขภาพ
วิทยาศาสตร์การแพทย์ และสุขภาพ
BF713 ศ243จ ล.2 2549 ฉ.2 
  Barcode: 020115
ห้องสมุดวิทยาเขตสวรรค์ประชารักษ์
►ส่วนจัดเก็บหนังสือเก่า สปร
บนชั้น
  ขอยืม

รายการใกล้เคียง
    ผู้แต่ง [ศรีเรือน แก้วกังวาล]

    หัวเรื่อง [จิตวิทยาพัฒนาการ]

BibComment


ยังไม่เคยถูกคอมเมนท์

คอมเมนท์ทรัพยากรรายการนี้
  คอมเมนท์: จิตวิทยาพัฒนาการช..


 Copyright 2026. Bcnsprnw @Library